MAASAI MARA UNIVERSITY

LIBRARY CATALOGUE

Contact Us: +254 020 2685356/7 or 0774 057787

Box: 861-20500, NAROK, KENYA

Email: info@mmarau.ac.ke

The guide to living with HIV infection : (Record no. 16106)

MARC details
000 -LEADER
fixed length control field 01468nam a22003497a 4500
001 - CONTROL NUMBER
control field 4490816
003 - CONTROL NUMBER IDENTIFIER
control field OSt
005 - DATE AND TIME OF LATEST TRANSACTION
control field 20230208023641.0
008 - FIXED-LENGTH DATA ELEMENTS--GENERAL INFORMATION
fixed length control field 151215b xxu||||| |||| 00| 0 eng d
010 ## - LIBRARY OF CONGRESS CONTROL NUMBER
LC control number 97036903
020 ## - INTERNATIONAL STANDARD BOOK NUMBER
International Standard Book Number 0801858534 (alk. paper)
020 ## - INTERNATIONAL STANDARD BOOK NUMBER
International Standard Book Number 0801858542 (pbk. : alk. paper)
040 ## - CATALOGING SOURCE
Original cataloging agency MMU
Transcribing agency MMU
Modifying agency MMU
Language of cataloging eng
050 00 - LIBRARY OF CONGRESS CALL NUMBER
Classification number RC607.A26
Item number B376 1998
082 00 - DEWEY DECIMAL CLASSIFICATION NUMBER
Classification number 362.1/969792
Edition number 21
100 1# - MAIN ENTRY--PERSONAL NAME
Personal name Bartlett, John G.
245 14 - TITLE STATEMENT
Title The guide to living with HIV infection :
Remainder of title developed at the Johns Hopkins AIDS Clinic /
Statement of responsibility, etc. John G. Bartlett, Ann K. Finkbeiner.
250 ## - EDITION STATEMENT
Edition statement 4th ed.
260 ## - PUBLICATION, DISTRIBUTION, ETC. (IMPRINT)
Place of publication, distribution, etc. Baltimore :
Name of publisher, distributor, etc. Johns Hopkins University Press,
Date of publication, distribution, etc. 1998.
300 ## - PHYSICAL DESCRIPTION
Extent xiv, 422 p. :
Dimensions 24 cm.
500 ## - GENERAL NOTE
General note Includes index.
500 ## - GENERAL NOTE
General note "A Johns Hopkins Press health book."
650 #0 - SUBJECT ADDED ENTRY--TOPICAL TERM
Topical term or geographic name as entry element HIV infections
General subdivision Popular works.
700 1# - ADDED ENTRY--PERSONAL NAME
Personal name Finkbeiner, Ann K.,
Dates associated with a name 1943-
710 2# - ADDED ENTRY--CORPORATE NAME
Corporate name or jurisdiction name as entry element Johns Hopkins AIDS Clinic.
856 42 - ELECTRONIC LOCATION AND ACCESS
Materials specified Contributor biographical information
Uniform Resource Identifier <a href="http://www.loc.gov/catdir/bios/jhu051/97036903.html">http://www.loc.gov/catdir/bios/jhu051/97036903.html</a>
856 42 - ELECTRONIC LOCATION AND ACCESS
Materials specified Publisher description
Uniform Resource Identifier <a href="http://www.loc.gov/catdir/description/jhu052/97036903.html">http://www.loc.gov/catdir/description/jhu052/97036903.html</a>
906 ## - LOCAL DATA ELEMENT F, LDF (RLIN)
a 7
b cbc
c orignew
d 1
e ocip
f 19
g y-gencatlg
942 ## - ADDED ENTRY ELEMENTS (KOHA)
Source of classification or shelving scheme Library of Congress Classification
Koha item type L
Holdings
Withdrawn status Lost status Source of classification or shelving scheme Damaged status Not for loan Home library Current library Date acquired Source of acquisition Total Checkouts Full call number Barcode Date last seen Price effective from Koha item type
    Library of Congress Classification     Maasai Mara University Library -Main Campus Maasai Mara University Library -Main Campus 12/15/2015 Donation   RC607.A26.B376 1998 201515377 12/15/2015 12/15/2015 L
© 2016 Maasai Mara University.